आभाळात गेलेली माणसं (Record no. 460071)

MARC details
000 -LEADER
fixed length control field 00507nam a2200145Ia 4500
008 - FIXED-LENGTH DATA ELEMENTS--GENERAL INFORMATION
fixed length control field 100204s9999 xx 000 0 und d
082 ## - DEWEY DECIMAL CLASSIFICATION NUMBER
Item number 15648
100 ## - MAIN ENTRY--PERSONAL NAME
Personal name सोनवणी संजय
245 ## - TITLE STATEMENT
Title आभाळात गेलेली माणसं
260 ## - PUBLICATION, DISTRIBUTION, ETC. (IMPRINT)
Name of publisher, distributor, etc "उमा प्रकाशन , पुणे"
Date of publication, distribution, etc 1992
300 ## - PHYSICAL DESCRIPTION
Extent 124
630 ## - SUBJECT ADDED ENTRY--UNIFORM TITLE
Uniform title आभाळात गेलेली माणसं
730 ## - ADDED ENTRY--UNIFORM TITLE
Uniform title आभाळात गेलेली माणसं
942 ## - ADDED ENTRY ELEMENTS (KOHA)
Koha item type Book
Holdings
Withdrawn status Lost status Damaged status Not for loan Home library Current library Date acquired Cost, normal purchase price Total Checkouts Full call number Barcode Date last seen Cost, replacement price Price effective from Koha item type
        N. C. Kelkar Sarvajanik Library, Mulund N. C. Kelkar Sarvajanik Library, Mulund 02/04/2010 62.00   15648 NCKMULUND-15648 02/04/2010 62.00 02/04/2010 Book